000 00641nam a2200205Ia 4500
999 _c41306
_d41306
001 7963
003 GE_BSU
005 20221114114415.0
008 181216s2012||||e |||||||||||||| ||eng||
020 _a9781408237083x
080 _a811.111-8+338.22 R-71
100 _aRogers, Jon.
_93238
245 _aPre-intermediate : Market Leader :
_bBusiness English : Practice File /
_cJon Rogers.
250 _a3rd Edition.
264 _aEdinburgh Gate :
_bFinancial Times,
_c2012.
300 _a96 p .:
_c28 cm.
653 _aMarket Leader : Business English
653 _aბიზნეს ინგლისური
942 _cBK
_2udc